Movies Quiz

Random Movies or Actress Quiz

Actor Movie Chain II Quiz Stats

 Plays Quiz Updated Feb 20, 2019

Support Sporcle.
Go Orange.
Score 0/15 Timer 06:00
1 Play Today
Actor/Actress Movie % Correct
Marlon Brando, Christopher Reeve, Gene HackmanSuperman
69.5%
Tom Hanks, Tom Sizemore, Matt DamonSaving Private Ryan
56.7%
Johnny Depp, Marion Cotillard, Christian BalePublic Enemies
41.8%
Gene Hackman, Faye Dunaway, Warren BeattyBonnie and Clyde
37.5%
Julie Christie, Kate Winslet, Johnny DeppFinding Neverland
35.9%
Rod Steiger, Karl Malden, Marlon BrandoOn the Waterfront
34.6%
Steve Zahn, Liv Tyler, Tom HanksThat Thing You Do!
34.6%
Kiefer Sutherland, Julia Roberts, Kevin BaconFlatliners
34.2%
Actor/Actress Movie % Correct
Kevin Bacon, Meryl Streep, David StrathairnThe River Wild
32.1%
Sidney Poitier, Warren Oates, Rod SteigerIn the Heat of the Night
29.2%
Matt Damon, Brendan Fraser, Chris O'DonnellSchool Ties
21.2%
David Strathairn, Robert Redford, Sidney PoitierSneakers
18.4%
Chris O'Donnell, Charlie Sheen, Kiefer SutherlandThe Three Musketeers
15.5%
Warren Beatty, James Mason, Julie ChristieHeaven Can Wait
13.7%
Christian Bale, Jeremy Davies, Steve ZahnRescue Dawn
10.7%

From the Vault

Which Holiday?

by alinrotundu

Holiday 2m
Cat puns freak meowt.
Remove Ads.
Support Sporcle.
Get the best of Sporcle when you Go Orange. This ad-free experience offers more features, more stats, and more fun while also helping to support Sporcle. Thank you for becoming a member.

Show Comments

Extras

Top Quizzes Today


Score Distribution

Your Account Isn't Verified!

In order to create a playlist on Sporcle, you need to verify the email address you used during registration. Go to your Sporcle Settings to finish the process.

Report this User

Report this user for behavior that violates our Community Guidelines.

Details: